Tax Revenue Implications of Decarbonising Road Transport Scenarios for Slovenia

Saved in:
Bibliographic Details
Format: Book
Language:English
Published: Paris OECD 2019
Subjects:
Tags: Add Tag
No Tags, Be the first to tag this record!

MARC

LEADER 00000nam a2200000 4500
001 0264086
005 20221220065306.3
020 |a 978-92-64-59543-9 
041 0 |a eng 
044 |a FR 
245 1 0 |a Tax Revenue Implications of Decarbonising Road Transport  |b Scenarios for Slovenia 
264 1 |a Paris  |b OECD  |c 2019 
300 |a 77 s. 
610 2 0 |a dane 
610 2 0 |a doprava cestná 
610 2 0 |a politika daňová 
610 2 0 |a dáta 
610 2 0 |a reformy daňové 
610 2 0 |a porovnanie štatistické 
610 2 0 |a Slovinsko